<The> labour market in Poland
Na minha lista:
| Formato: | Livro |
|---|---|
| Idioma: | inglês |
| Publicado em: |
Paris
OECD
1993
|
| Assuntos: | |
| Tags: |
Sem tags, seja o primeiro a adicionar uma tag!
|
MARC
| LEADER | 00000nam a2200000 4500 | ||
|---|---|---|---|
| 001 | c100693 | ||
| 005 | 20230116125729.3 | ||
| 020 | |a 92-64-14048-4 | ||
| 041 | 0 | |a eng | |
| 044 | |a FR | ||
| 245 | 1 | 0 | |a <The> labour market in Poland |
| 264 | 1 | |a Paris |b OECD |c 1993 | |
| 300 | |a 155 s. | ||
| 610 | 2 | 0 | |a trh práce |
| 610 | 2 | 0 | |a vývoj hospodársky |
| 610 | 2 | 0 | |a makroekonomika |
| 610 | 2 | 0 | |a nezamestnanosť |
| 610 | 2 | 0 | |a náklady práce |
| 610 | 2 | 0 | |a reštrukturalizácia |
| 610 | 2 | 0 | |a sily pracovné |
| 610 | 2 | 0 | |a mládež |
| 610 | 2 | 0 | |a Poľsko |
| 610 | 2 | 0 | |a školy |
| 610 | 2 | 0 | |a odvetvia činnosti ekonomickej |